[Event "Montreal int. B"]
[Site "Montreal CAN"]
[Date "2006.08.10"]
[Round "3"]
[White "Noritsyn, Nikolay"]
[Black "Likavsky, Tomas"]
[Result "0-1"]
[WhiteElo "2354"]
[BlackElo "2498"]
[PlyCount "124"]
[EventDate "2006.08.08"]
[EventType "tourn"]
[EventRounds "9"]
[EventCountry "CAN"]
[EventCategory "9"]

1. e4 c5 2. Na3 Nc6 3. Bb5 Qc7 4. Nf3 a6 5. Bxc6 Qxc6 6. O-O Nf6 7. e5 Nd5 8.
c4 Nb4 9. d4 cxd4 10. e6 Qxe6 11. Qa4 Qb6 12. Bd2 e6 13. Nb5 Nd3 14. Nbxd4 Be7
15. b4 Ne5 16. c5 Nxf3+ 17. Nxf3 Qc7 18. Rfd1 O-O 19. Be3 d5 20. cxd6 Bxd6 21.
Rac1 Qe7 22. Ng5 h6 23. Ne4 Bxh2+ 24. Kxh2 Qh4+ 25. Kg1 Qxe4 26. Rd4 Qg6 27.
Qa5 b5 28. Qc7 e5 29. Qxe5 Bb7 30. Qg3 Qxg3 31. fxg3 Rfe8 32. Kf2 Re6 33. Bf4
Rae8 34. Rd2 g5 35. Bd6 Rd8 36. Rcd1 Be4 37. Bc5 Rxd2+ 38. Rxd2 Bb1 39. a3 Rf6+
40. Kg1 Re6 41. Kf2 Kg7 42. Rd6 Bf5 43. Rxe6 fxe6 44. Ke3 h5 45. Be7 Kg6 46.
Kf3 Bc2 47. Ke3 Kf5 48. Bd8 Bb3 49. Kf2 Bd5 50. Be7 g4 51. Ke3 Ke5 52. Bf8 Bxg2
53. Bg7+ Kd5 54. Kf4 Bf3 55. Kg5 e5 56. Kxh5 e4 57. Kg5 Kc4 58. Kf4 Kd3 59. Bf8
e3 60. Bc5 e2 61. Bf2 Kd2 62. Be3+ Kd1 0-1

[Event "Montreal int. B"]
[Site "Montreal CAN"]
[Date "2006.08.11"]
[Round "4"]
[White "Noritsyn, Nikolay"]
[Black "Barbeau, Sylvain"]
[Result "0-1"]
[WhiteElo "2354"]
[BlackElo "2398"]
[PlyCount "144"]
[EventDate "2006.08.08"]
[EventType "tourn"]
[EventRounds "9"]
[EventCountry "CAN"]
[EventCategory "9"]

1. c4 Nf6 2. Nc3 d5 3. cxd5 Nxd5 4. g3 g6 5. Bg2 Nb6 6. d3 Bg7 7. Be3 N8d7 8.
Nf3 Nf6 9. O-O O-O 10. a4 Nbd5 11. Bd2 a5 12. Re1 c6 13. h3 h6 14. e4 Nb4 15.
d4 Be6 16. Be3 Qc8 17. Kh2 Rd8 18. Rc1 Qb8 19. Qe2 Ne8 20. Kg1 Bb3 21. e5 Nc7
22. h4 Ne6 23. Bh3 c5 24. Nb5 cxd4 25. Nbxd4 Nxd4 26. Bxd4 e6 27. Bb6 Nd3 28.
Bxd8 Nxc1 29. Rxc1 Qxd8 30. Qb5 Bd5 31. Bg2 Bc6 32. Qb3 Qe8 33. Nh2 Bxe5 34.
Bxc6 bxc6 35. Ng4 Bg7 36. Qf3 Rb8 37. Rxc6 h5 38. Ne3 Bxb2 39. Rc7 Rc8 40. Ra7
Bc3 41. Ng2 e5 42. Ne3 e4 43. Qd1 Qe6 44. Qd5 Re8 45. Qxe6 Rxe6 46. Nc4 Rf6 47.
Ne3 Be1 48. Nd5 Rxf2 49. Re7 Rf5 50. Rxe4 Rxd5 51. Rxe1 Rd4 52. Ra1 Kf8 53. Kf2
Ke7 54. Ke3 Rg4 55. Kf3 Kd6 56. Rd1+ Kc5 57. Rd7 f5 58. Rd1 Rxa4 59. Re1 Re4
60. Rc1+ Rc4 61. Re1 a4 62. Re6 Rg4 63. Ra6 Kb5 64. Ra8 Kb4 65. Rb8+ Kc3 66.
Ra8 Kb3 67. Re8 Rc4 68. Rb8+ Rb4 69. Re8 a3 70. Re3+ Ka4 71. Re2 Rc4 72. Ke3
Re4+ 0-1

[Event "Montreal int. B"]
[Site "Montreal CAN"]
[Date "2006.08.12"]
[Round "5"]
[White "Arencibia, Walter"]
[Black "Noritsyn, Nikolay"]
[Result "1-0"]
[WhiteElo "2539"]
[BlackElo "2354"]
[PlyCount "87"]
[EventDate "2006.08.08"]
[EventType "tourn"]
[EventRounds "9"]
[EventCountry "CAN"]
[EventCategory "9"]

1. e4 c5 2. Nf3 Nc6 3. c3 d5 4. exd5 Qxd5 5. d4 Nf6 6. Be3 cxd4 7. cxd4 e6 8.
Nc3 Qd6 9. a3 Be7 10. Bd3 O-O 11. O-O b6 12. Qe2 Bb7 13. Rad1 Rac8 14. Rfe1
Rfe8 15. Ng5 Na5 16. f3 h6 17. Nge4 Qd8 18. b4 Nc6 19. Bb1 Nxe4 20. Nxe4 Bf8
21. Qd3 g6 22. Bf4 f5 23. d5 exd5 24. Nc3 Rxe1+ 25. Rxe1 Ne7 26. Ne2 Qd7 27.
Ba2 Re8 28. Be5 Bg7 29. Nf4 Nc8 30. Nxd5 Bxd5 31. Bxd5+ Kf8 32. Bxg7+ Qxg7 33.
Rxe8+ Kxe8 34. Bc6+ Kf7 35. Qd7+ Ne7 36. Bd5+ Kf6 37. Qd6+ Kg5 38. f4+ Kh4 39.
g3+ Kg4 40. Bf3+ Kxf3 41. Qd3+ Kg4 42. Qe2+ Kh3 43. Qg2+ Kg4 44. h3+ 1-0

[Event "Montreal int. B"]
[Site "Montreal CAN"]
[Date "2006.08.14"]
[Round "7"]
[White "Lawson, Eric"]
[Black "Noritsyn, Nikolay"]
[Result "1-0"]
[WhiteElo "2393"]
[BlackElo "2354"]
[PlyCount "107"]
[EventDate "2006.08.08"]
[EventType "tourn"]
[EventRounds "9"]
[EventCountry "CAN"]
[EventCategory "9"]

1. e4 c5 2. Nf3 Nc6 3. Bb5 d6 4. O-O Bd7 5. Re1 Nf6 6. c3 a6 7. Bf1 Bg4 8. d3
g6 9. Nbd2 Bh6 10. h3 Bxf3 11. Nxf3 Bxc1 12. Qxc1 O-O 13. Qh6 e5 14. Re3 Kh8
15. Ng5 Ne7 16. Rd1 Neg8 17. Qh4 Qe7 18. Nf3 Kg7 19. d4 h6 20. dxe5 dxe5 21.
Be2 Rfe8 22. Nd2 Rad8 23. f3 Qe6 24. b3 Nh5 25. Rd3 Rxd3 26. Bxd3 b5 27. Nb1
Nf4 28. Bf1 c4 29. bxc4 bxc4 30. Qf2 Nf6 31. Na3 Rc8 32. Kh2 g5 33. g3 Ng6 34.
Qe2 h5 35. Nxc4 h4 36. Rd6 hxg3+ 37. Kxg3 Qe7 38. Ne3 Nh4 39. Rxa6 Rxc3 40. Qd2
Qc5 41. Kf2 Nh5 42. Rb6 Ng3 43. Kxg3 Rxe3 44. Rb3 Re1 45. Bg2 Qg1 46. Qxg5+ Ng6
47. Rb2 Re3 48. h4 Qe1+ 49. Kh3 Kh7 50. Rb7 Kg7 51. h5 Rxf3+ 52. Bxf3 Qf1+ 53.
Qg2 Qa6 54. Rxf7+ 1-0

[Event "Montreal int. B"]
[Site "Montreal CAN"]
[Date "2006.08.15"]
[Round "8"]
[White "Noritsyn, Nikolay"]
[Black "Mitkov, Nikola"]
[Result "1/2-1/2"]
[WhiteElo "2354"]
[BlackElo "2563"]
[PlyCount "119"]
[EventDate "2006.08.08"]
[EventType "tourn"]
[EventRounds "9"]
[EventCountry "CAN"]
[EventCategory "9"]

1. e4 e5 2. Nf3 Nc6 3. Bb5 Nf6 4. d3 Bc5 5. c3 O-O 6. O-O d6 7. Nbd2 a6 8. Bxc6
bxc6 9. d4 exd4 10. cxd4 Bb6 11. Qc2 c5 12. e5 Nd5 13. dxc5 Bxc5 14. Nb3 Bb6
15. Bg5 Qd7 16. Rfe1 Bb7 17. exd6 Qxd6 18. Nbd4 Rfe8 19. Qa4 Rxe1+ 20. Rxe1 h6
21. Bd2 Ne7 22. Bc3 c5 23. Ne2 Bc6 24. Qc4 Bd5 25. Qa4 Qc6 26. Qg4 Qg6 27. Qh3
Be6 28. Qh4 Nd5 29. Nf4 Nxf4 30. Qxf4 Bxa2 31. Nh4 Qg5 32. Qd6 Qxh4 33. Qxb6
Qg5 34. Re5 Qc1+ 35. Re1 Qg5 36. Re5 Rd8 37. Qxa6 Rd1+ 38. Re1 Bd5 39. Qf1 Rxe1
40. Bxe1 h5 41. f3 c4 42. Qf2 f6 43. h4 Qf5 44. Bc3 Kh7 45. Kh2 Bf7 46. Qd4 Qc8
47. Qe4+ Bg6 48. Qf4 Bd3 49. Kg1 Qe6 50. Kh2 Qd5 51. Qd4 Qf5 52. Kg3 Qe6 53.
Kh2 Bg6 54. Qf4 Kg8 55. Qb8+ Be8 56. Qf4 Bc6 57. Qb8+ Kh7 58. Qc7 Be8 59. Qf4
Bg6 60. Qd4 1/2-1/2

[Event "Montreal int. B"]
[Site "Montreal CAN"]
[Date "2006.08.16"]
[Round "9"]
[White "Huzman, Alexander"]
[Black "Noritsyn, Nikolay"]
[Result "1/2-1/2"]
[WhiteElo "2585"]
[BlackElo "2354"]
[PlyCount "25"]
[EventDate "2006.08.08"]
[EventType "tourn"]
[EventRounds "9"]
[EventCountry "CAN"]
[EventCategory "9"]

1. Nf3 c5 2. c4 g6 3. g3 Bg7 4. Bg2 Nc6 5. Nc3 d6 6. O-O Nf6 7. d4 cxd4 8. Nxd4
Bd7 9. Nxc6 Bxc6 10. e4 Nd7 11. Bd2 O-O 12. Qe2 Nc5 13. Rac1 1/2-1/2

[Event "CAN-op"]
[Site "Kitchener CAN"]
[Date "2006.07.16"]
[Round "2"]
[White "Lacau Rodean, Lucian"]
[Black "Noritsyn, Nikolay"]
[Result "0-1"]
[WhiteElo "2104"]
[BlackElo "2354"]
[PlyCount "110"]
[EventDate "2006.07.15"]
[EventType "swiss"]
[EventRounds "9"]
[EventCountry "CAN"]

1. e4 c5 2. Nf3 Nc6 3. d3 g6 4. g3 Bg7 5. Bg2 e6 6. O-O Nge7 7. c3 d5 8. Na3 b6
9. Re1 Ba6 10. e5 Qc7 11. d4 O-O 12. Bf4 Rac8 13. Rc1 Qd7 14. Qd2 Nf5 15. g4
Nfe7 16. Bg5 f6 17. exf6 Bxf6 18. Qe3 Bxg5 19. Nxg5 e5 20. Qh3 h5 21. gxh5 Qxh3
22. Bxh3 Rb8 23. Ne6 Rf7 24. dxe5 gxh5 25. Re3 Kh8 26. f4 Ng6 27. Bg2 Nce7 28.
Rh3 h4 29. c4 dxc4 30. Nxc4 Bc8 31. Nd6 Bxe6 32. Nxf7+ Bxf7 33. Be4 Be6 34. Rf3
Bf5 35. Bxf5 Nxf5 36. Kg2 Rg8 37. Kh3 Kh7 38. b4 Nd4 39. Rf2 Ne6 40. Rcf1 cxb4
41. f5 Ng5+ 42. Kg4 Nxe5+ 43. Kxh4 a5 44. Rc1 Ngf7 45. Rc7 Kh6 46. h3 Ng5 47.
Kg3 Ne6+ 48. Kh2 Nxc7 49. f6 Kg6 50. Kg3 Nd5 51. Rd2 Kxf6+ 52. Kf2 Nf4 53. Rd6+
Kf5 54. Rxb6 Rg2+ 55. Kf1 Rxa2 0-1

[Event "CAN-op"]
[Site "Kitchener CAN"]
[Date "2006.07.17"]
[Round "3"]
[White "Noritsyn, Nikolay"]
[Black "Kunte, Abhijit"]
[Result "0-1"]
[WhiteElo "2354"]
[BlackElo "2535"]
[PlyCount "68"]
[EventDate "2006.07.15"]
[EventType "swiss"]
[EventRounds "9"]
[EventCountry "CAN"]

1. e4 c5 2. Nf3 e6 3. d4 cxd4 4. Nxd4 a6 5. Bd3 Bc5 6. Nb3 Ba7 7. O-O Ne7 8.
Nc3 Nbc6 9. Qe2 d6 10. Be3 e5 11. a4 Be6 12. Bxa7 Rxa7 13. Bc4 O-O 14. Rfd1 Qc7
15. Bxe6 fxe6 16. Qc4 Rf6 17. Qd3 Nc8 18. Rd2 b6 19. Rad1 Nb4 20. Qe2 Qc6 21.
Nb1 Rc7 22. c3 Qxa4 23. Nc1 Nc6 24. Nd3 N6e7 25. Nxe5 dxe5 26. Rd8+ Kf7 27.
Qh5+ Ng6 28. Qxh7 Nce7 29. h4 Rc8 30. h5 Rxd8 31. Rxd8 Nf8 32. Qh8 Ng8 33. Rb8
Rh6 34. Rb7+ Nd7 0-1

[Event "CAN-op"]
[Site "Kitchener CAN"]
[Date "2006.07.18"]
[Round "4"]
[White "Arandia, Henry"]
[Black "Noritsyn, Nikolay"]
[Result "0-1"]
[WhiteElo "2035"]
[BlackElo "2354"]
[PlyCount "116"]
[EventDate "2006.07.15"]
[EventType "swiss"]
[EventRounds "9"]
[EventCountry "CAN"]

1. d4 Nf6 2. Nc3 d5 3. Bg5 Nbd7 4. f3 h6 5. Bh4 c5 6. e3 e6 7. Bb5 a6 8. Bxd7+
Bxd7 9. a4 Rc8 10. Nge2 cxd4 11. exd4 Be7 12. O-O O-O 13. Kh1 b5 14. axb5 axb5
15. Ra7 Re8 16. Qd2 b4 17. Na4 Bxa4 18. Rxa4 Qc7 19. Rc1 Ra8 20. Rca1 Rxa4 21.
Rxa4 Rc8 22. c3 bxc3 23. bxc3 Ne8 24. Be1 Nd6 25. Qa2 Nc4 26. Ra7 Qd8 27. g3
Bd6 28. Bd2 Qf6 29. Kg2 Qf5 30. Ra8 Rxa8 31. Qxa8+ Kh7 32. Qa2 Qd3 33. Bc1 g5
34. Kf2 Kg7 35. Qb3 Be7 36. Qb8 Bf6 37. Qa8 Qd1 38. Ba3 Nxa3 39. Qxa3 Qh1 40.
g4 Qxh2+ 41. Kf1 Qh3+ 42. Kf2 h5 43. gxh5 g4 44. h6+ Qxh6 45. fxg4 Bh4+ 46. Kf3
Be1 47. Kg2 Qe3 48. Qb2 Qf2+ 49. Kh1 Qf3+ 50. Kg1 Bf2+ 51. Kh2 Be3 52. Qc2 Qf2+
53. Kh3 Bf4 54. g5 Qf3+ 55. Kh4 Qg2 56. Qd3 Bxg5+ 57. Kh5 f5 58. Qg3 Qh1+ 0-1

[Event "CAN-op"]
[Site "Kitchener CAN"]
[Date "2006.07.19"]
[Round "5"]
[White "Noritsyn, Nikolay"]
[Black "Bluvshtein, Mark"]
[Result "1/2-1/2"]
[WhiteElo "2354"]
[BlackElo "2541"]
[PlyCount "81"]
[EventDate "2006.07.15"]
[EventType "swiss"]
[EventRounds "9"]
[EventCountry "CAN"]

1. e4 c5 2. Nf3 d6 3. d4 cxd4 4. Nxd4 Nf6 5. Bd3 g6 6. O-O Bg7 7. c4 Nc6 8. Nb3
O-O 9. Nc3 b6 10. Bg5 Nd7 11. Re1 a5 12. Rc1 a4 13. Na1 Nc5 14. Bf1 Qd7 15. Nd5
Qb7 16. Qd2 Be6 17. Rb1 Rae8 18. Nc2 f5 19. exf5 Bxf5 20. f3 Bxc2 21. Qxc2 e6
22. Nc3 Nd4 23. Qd1 Rxf3 24. Be3 Rxe3 25. Rxe3 Nf5 26. Rf3 Nd4 27. Re3 Rf8 28.
Qd2 e5 29. Ree1 e4 30. Rbd1 Be5 31. Nxe4 Nxe4 32. Qe3 Nc5 33. Rxd4 Bxd4 34.
Qxd4 Qf7 35. g3 Qf6 36. Qxf6 Rxf6 37. Bg2 Nd3 38. Re8+ Kg7 39. b3 axb3 40. axb3
Rf8 41. Re7+ 1/2-1/2

[Event "CAN-op"]
[Site "Kitchener CAN"]
[Date "2006.07.20"]
[Round "6"]
[White "Lawson, Eric"]
[Black "Noritsyn, Nikolay"]
[Result "0-1"]
[WhiteElo "2393"]
[BlackElo "2354"]
[PlyCount "92"]
[EventDate "2006.07.15"]
[EventType "swiss"]
[EventRounds "9"]
[EventCountry "CAN"]

1. e4 c5 2. Nf3 Nc6 3. Bb5 d6 4. O-O Bd7 5. Re1 Nf6 6. Nc3 e6 7. d4 cxd4 8.
Nxd4 Be7 9. Bc4 O-O 10. a4 a6 11. Nxc6 Bxc6 12. Bb3 b5 13. axb5 axb5 14. Rxa8
Qxa8 15. Qd4 Qb7 16. Bg5 h6 17. Bxf6 Bxf6 18. Qxd6 Rd8 19. Qg3 b4 20. e5 Bxe5
21. Qxe5 bxc3 22. Qxc3 Bxg2 23. h3 Rc8 24. Qd3 Bh1 25. f3 Bxf3 26. Rxe6 Ra8 27.
Re3 Qb6 28. Bxf7+ Kxf7 29. Qf5+ Kg8 30. Qxf3 Re8 31. Kf2 Rf8 32. Qxf8+ Kxf8 33.
b3 g5 34. c4 Qd4 35. Ke2 h5 36. Rd3 Qe4+ 37. Re3 Qg2+ 38. Kd3 g4 39. hxg4 h4
40. c5 h3 41. c6 h2 42. c7 Qc6 43. Rh3 Qxc7 44. Ke2 Qf4 45. Ke1 Qe4+ 46. Kf2
h1=Q 0-1

[Event "CAN-op"]
[Site "Kitchener CAN"]
[Date "2006.07.21"]
[Round "7"]
[White "Noritsyn, Nikolay"]
[Black "Bareev, Evgeny"]
[Result "1/2-1/2"]
[WhiteElo "2354"]
[BlackElo "2683"]
[PlyCount "76"]
[EventDate "2006.07.15"]
[EventType "swiss"]
[EventRounds "9"]
[EventCountry "CAN"]

1. e4 e6 2. d4 d5 3. Nc3 Nf6 4. Bg5 dxe4 5. Nxe4 Be7 6. Bxf6 Bxf6 7. Nf3 Nd7 8.
Nxf6+ Nxf6 9. Bd3 O-O 10. O-O b6 11. Qe2 Bb7 12. Rad1 Qd6 13. c3 Rad8 14. Rfe1
c5 15. dxc5 Qxc5 16. Bc2 g6 17. Bb3 Nh5 18. Qe3 Qxe3 19. fxe3 Rxd1 20. Rxd1 Nf6
21. Ne5 Rc8 22. h4 Rc7 23. Rd8+ Kg7 24. Bd1 Rc5 25. Ng4 Nxg4 26. Bxg4 Bd5 27.
Rd7 a5 28. a3 Rc4 29. Be2 Rxh4 30. Rd6 b5 31. Bxb5 Rg4 32. Bf1 a4 33. Rb6 Kf6
34. Kf2 h5 35. Rb4 Ke7 36. g3 Bb3 37. Bb5 Kd6 38. c4 Kc5 1/2-1/2

[Event "CAN-op"]
[Site "Kitchener CAN"]
[Date "2006.07.22"]
[Round "9"]
[White "Kraai, Jesse"]
[Black "Noritsyn, Nikolay"]
[Result "1/2-1/2"]
[WhiteElo "2473"]
[BlackElo "2354"]
[PlyCount "132"]
[EventDate "2006.07.15"]
[EventType "swiss"]
[EventRounds "9"]
[EventCountry "CAN"]

1. d4 Nf6 2. c4 c5 3. e3 g6 4. dxc5 Na6 5. a3 Nxc5 6. b4 Ne6 7. Bb2 Bg7 8. Nf3
O-O 9. Be2 a5 10. Nbd2 d6 11. O-O Bd7 12. Qb3 Qb8 13. Qd3 Rd8 14. Nd4 Nc7 15.
e4 e5 16. N4b3 a4 17. Nc1 b5 18. cxb5 Nxb5 19. Na2 d5 20. Rac1 Nd4 21. Bxd4
dxe4 22. Nxe4 exd4 23. Qxd4 Nxe4 24. Qxe4 Bf5 25. Qf3 Bb2 26. Rc5 Bd4 27. Rb5
Qc8 28. Nc1 Qe6 29. Bd3 Bg4 30. Qg3 Qd7 31. Ne2 Bxe2 32. Bxe2 Rac8 33. Qg5 h6
34. Qh4 Rc2 35. Rb7 Qd6 36. Qe4 Qc6 37. Qxc6 Rxc6 38. Bb5 Rc3 39. Bxa4 Rxa3 40.
Rd7 Rxd7 41. Bxd7 Ra1 42. Rxa1 Bxa1 43. f4 Bd4+ 44. Kf1 Kf8 45. Ke2 Ke7 46. Ba4
f6 47. Kf3 f5 48. h4 Kf6 49. Be8 h5 50. b5 Bb6 51. Ke2 Ba7 52. Kd3 Bf2 53. Kd2
Bb6 54. Kd3 Bf2 55. Bc6 Bxh4 56. Ke3 Bg3 57. Kf3 Be1 58. b6 Ba5 59. b7 Bc7 60.
Be8 Bb8 61. g3 Bc7 62. Ke3 Bb8 63. Kf3 Bc7 64. Kg2 Bb8 65. Kh3 Bc7 66. Kh4 Bb8
1/2-1/2

[Event "Fall Masters"]
[Site "Toronto CAN"]
[Date "2005.10.16"]
[Round "3"]
[White "Noritsyn, Nikolay"]
[Black "Krnan, Tomas"]
[Result "1-0"]
[WhiteElo "2413"]
[BlackElo "2484"]
[PlyCount "111"]
[EventDate "2005.09.25"]
[EventType "tourn"]
[EventRounds "6"]
[EventCountry "CAN"]

1. e4 e5 2. Nf3 Nc6 3. Bb5 a6 4. Ba4 Nf6 5. O-O Be7 6. Re1 b5 7. Bb3 d6 8. c3
O-O 9. h3 Na5 10. Bc2 c5 11. d4 Qc7 12. Bg5 h6 13. Bh4 Bb7 14. Nbd2 cxd4 15.
cxd4 Nc6 16. Rc1 Qb6 17. d5 Nd4 18. Nxd4 Qxd4 19. Nb3 Qb6 20. Bg3 g6 21. Bh2
Nh5 22. Bd3 Bg5 23. Rc2 Rac8 24. Rxc8 Rxc8 25. g3 a5 26. h4 Bd8 27. Qe2 a4 28.
Nd2 Nf6 29. Kg2 Ba6 30. Bg1 Qb7 31. Nb1 Qd7 32. f3 Nh5 33. Be3 Ba5 34. Rd1 Kh7
35. Na3 Rb8 36. Rc1 Bc8 37. Rh1 b4 38. Nc4 Bd8 39. Qd2 b3 40. a3 Ra8 41. Bxh6
Ba6 42. Be3 Bxc4 43. Bxc4 Rc8 44. Bd3 Be7 45. Rc1 Rh8 46. Rh1 Kg7 47. Qc3 f5
48. Qc6 Qxc6 49. dxc6 f4 50. gxf4 Nxf4+ 51. Bxf4 exf4 52. c7 Rc8 53. Rc1 Bf6
54. Ba6 Bxb2 55. Bxc8 Bxc1 56. Be6 1-0

[Event "Fall Masters"]
[Site "Toronto CAN"]
[Date "2005.10.02"]
[Round "3"]
[White "Noritsyn, Nikolay"]
[Black "Livshits, Ron"]
[Result "1-0"]
[WhiteElo "2413"]
[BlackElo "2459"]
[PlyCount "109"]
[EventDate "2005.09.25"]
[EventType "tourn"]
[EventRounds "6"]
[EventCountry "CAN"]

1. e4 c6 2. d4 d5 3. e5 Bf5 4. Ne2 e6 5. Ng3 Bg6 6. h4 h6 7. h5 Bh7 8. Bd3 Bxd3
9. cxd3 Qb6 10. Be3 Nd7 11. O-O Ne7 12. Nc3 g6 13. Rb1 Nf5 14. hxg6 fxg6 15.
Qg4 O-O-O 16. Qxg6 Nxd4 17. Qg4 c5 18. Bxd4 cxd4 19. Na4 Qa6 20. Qxd4 Kb8 21.
Nc3 Bc5 22. Qh4 Qxd3 23. Rbd1 Qc2 24. Nce2 Qxb2 25. Nf4 Rdf8 26. Ne4 Rhg8 27.
Nxe6 Nxe5 28. Kh1 dxe4 29. Nxc5 Ka8 30. Rb1 Qe2 31. Rbe1 Qg4 32. Qxg4 Nxg4 33.
Nxe4 a6 34. f3 Ne5 35. Nd6 Nf7 36. Re6 h5 37. Nxf7 Rxf7 38. Rfe1 Rg5 39. R1e5
Rff5 40. Rxf5 Rxf5 41. Kh2 Ra5 42. Re2 b5 43. Kg3 b4 44. Kf4 Kb7 45. g4 hxg4
46. fxg4 Rc5 47. g5 a5 48. g6 Kb6 49. Re6+ Kb7 50. g7 Rc8 51. Kf5 Rb8 52. Rf6
Rg8 53. Kg6 a4 54. Rf4 b3 55. Rxa4 1-0

[Event "4 city match"]
[Site "Kingston CAN"]
[Date "2005.09.10"]
[Round "1"]
[White "Audet-Bouchard, Nicolas"]
[Black "Noritsyn, Nikolay"]
[Result "0-1"]
[WhiteElo "2239"]
[BlackElo "2265"]
[PlyCount "104"]
[EventDate "2005.09.10"]
[EventType "team"]
[EventRounds "3"]
[EventCountry "CAN"]

1. e4 c5 2. Nf3 Nc6 3. Bb5 d6 4. O-O Bd7 5. Re1 Nf6 6. c3 a6 7. Bf1 Bg4 8. h3
Bxf3 9. Qxf3 g6 10. Qd1 Bh6 11. b3 O-O 12. Bb2 e6 13. d4 cxd4 14. cxd4 d5 15.
e5 Ne4 16. Nc3 Nxc3 17. Bxc3 Qb6 18. g3 Rac8 19. Bb2 Nb4 20. Re2 Rc7 21. a3 Nc6
22. f4 Na5 23. Rb1 Qxb3 24. Qe1 Nc4 25. Bc3 Qa4 26. Bb4 Rfc8 27. Qf2 a5 28. Bc5
b6 29. Bd6 Nxd6 30. exd6 Rd7 31. Rxb6 Bg7 32. Rd2 Qxa3 33. Rd3 Qa1 34. Rd2 Rcd8
35. Rbb2 Rxd6 36. Ra2 Qc3 37. Rac2 Qb4 38. Rb2 Qa4 39. Ra2 Qd7 40. Rxa5 Rb6 41.
Kh2 Rdb8 42. Raa2 Qb7 43. Bg2 Rb4 44. Bf1 Qb6 45. Ra6 Qb7 46. Raa2 h5 47. h4
Ra8 48. Rxa8+ Qxa8 49. Ra2 Qb7 50. Rd2 Qb6 51. Bg2 Bxd4 52. Qe2 Bf6 0-1

[Event "4 city match"]
[Site "Kingston CAN"]
[Date "2005.09.10"]
[Round "2"]
[White "Mikanovic, Goran"]
[Black "Noritsyn, Nikolay"]
[Result "1-0"]
[WhiteElo "2282"]
[BlackElo "2265"]
[PlyCount "79"]
[EventDate "2005.09.10"]
[EventType "team"]
[EventRounds "3"]
[EventCountry "CAN"]

1. d4 Nf6 2. c4 g6 3. Nc3 Bg7 4. e4 d6 5. Nf3 O-O 6. Be2 e5 7. O-O exd4 8. Nxd4
Re8 9. f3 Nc6 10. Be3 Nh5 11. Nc2 f5 12. Qd2 Ne5 13. Bg5 Bf6 14. Bxf6 Nxf6 15.
exf5 Bxf5 16. Nd4 Bd7 17. f4 Neg4 18. Bxg4 Bxg4 19. f5 Bxf5 20. Nxf5 gxf5 21.
Rxf5 Rf8 22. Raf1 Qe7 23. Qg5+ Qg7 24. Qh4 h6 25. Rxf6 Rxf6 26. Qxf6 Re8 27.
Qxg7+ Kxg7 28. Kf2 c6 29. Re1 Rf8+ 30. Kg3 Rf7 31. Re6 Rd7 32. Kf3 a6 33. a4
Rf7+ 34. Ke3 Rd7 35. g4 a5 36. h4 b6 37. h5 Rd8 38. Kd3 Rd7 39. Rg6+ Kh7 40.
Ne4 1-0

[Event "4 city match"]
[Site "Kingston CAN"]
[Date "2005.09.10"]
[Round "3"]
[White "Noritsyn, Nikolay"]
[Black "Predescu, Sebastian"]
[Result "1/2-1/2"]
[WhiteElo "2262"]
[BlackElo "2235"]
[PlyCount "98"]
[EventDate "2005.09.10"]
[EventType "team"]
[EventRounds "3"]
[EventCountry "CAN"]

1. e4 c5 2. Nf3 d6 3. d4 cxd4 4. Nxd4 Nf6 5. Bd3 e5 6. Nf3 Be7 7. O-O O-O 8. c4
Nc6 9. Nc3 h6 10. Be3 Ng4 11. Bd2 f5 12. h3 fxe4 13. Nxe4 Nf6 14. Nxf6+ Rxf6
15. Qe2 Be6 16. b4 Qc7 17. b5 Nb8 18. c5 Nd7 19. cxd6 Bxd6 20. Rac1 Qb6 21. Bc4
Bxc4 22. Qxc4+ Kh8 23. Be3 Qd8 24. Rfd1 Qe7 25. Qe4 Nc5 26. Bxc5 Bxc5 27. Rd5
Rf4 28. Qe2 b6 29. Rxe5 Qf7 30. Rc2 Rf8 31. Re4 Rf6 32. Kh2 Kh7 33. Rcc4 Qd7
34. a4 Qd5 35. Rc2 Qf7 36. Kh1 Qb7 37. Qd3 Kg8 38. Rce2 Rd6 39. Qc2 Qd7 40. Ne5
Rd1+ 41. Kh2 Qd6 42. f4 Bg1+ 43. Kg3 g5 44. fxg5 hxg5 45. Rg4 Qa3+ 46. Nf3 Qd6+
47. Ne5 Qa3+ 48. Nf3 Qd6+ 49. Ne5 Qa3+ 1/2-1/2

[Event "Guelph Futurity"]
[Site "Guelph CAN"]
[Date "2005.07.25"]
[Round "2"]
[White "Noritsyn, Nikolay"]
[Black "Burnett, Ronald"]
[Result "1/2-1/2"]
[WhiteElo "2376"]
[BlackElo "2473"]
[PlyCount "68"]
[EventDate "2005.08.07"]
[EventType "schev"]
[EventRounds "10"]
[EventCountry "CAN"]

1. e4 g6 2. d4 d6 3. Nc3 Bg7 4. f4 a6 5. Nf3 Nd7 6. Bd3 c5 7. dxc5 Nxc5 8. Be3
Qa5 9. O-O Nf6 10. h3 O-O 11. Qe1 Bd7 12. Qh4 Bc6 13. f5 gxf5 14. e5 dxe5 15.
b4 Qa3 16. Bxc5 Qxc3 17. Bxf5 e6 18. Be7 Bxf3 19. Bxf6 Qd4+ 20. Qxd4 exd4 21.
Bxg7 Kxg7 22. Rxf3 exf5 23. Rxf5 Rac8 24. Rd5 Rfd8 25. Rxd8 Rxd8 26. Rd1 Kf6
27. c3 Ke5 28. Kf2 Ke4 29. Ke2 f5 30. Rd3 Rd5 31. a3 a5 32. bxa5 dxc3 33. Rxc3
Rxa5 34. Rb3 h6 1/2-1/2

[Event "Guelph Futurity"]
[Site "Guelph CAN"]
[Date "2005.07.25"]
[Round "3"]
[White "Kunte, Abhijit"]
[Black "Noritsyn, Nikolay"]
[Result "1-0"]
[WhiteElo "2535"]
[BlackElo "2376"]
[PlyCount "67"]
[EventDate "2005.08.07"]
[EventType "schev"]
[EventRounds "10"]
[EventCountry "CAN"]

1. d4 Nf6 2. Nf3 g6 3. Nbd2 d5 4. e3 Bg7 5. b4 O-O 6. c4 c6 7. h3 Nbd7 8. Be2
a5 9. b5 c5 10. Bb2 b6 11. cxd5 Nxd5 12. O-O Bb7 13. Nc4 Rc8 14. Rc1 Qc7 15.
Qb3 Rfd8 16. Rfd1 e6 17. Nfe5 Nxe5 18. dxe5 Ne7 19. Nd6 Bd5 20. Qc2 Rb8 21. e4
Ba8 22. a4 g5 23. Bh5 Ng6 24. Bxg6 fxg6 25. Nc4 Bf8 26. Rd6 Rxd6 27. exd6 Bxd6
28. Rd1 Bf4 29. Qc3 e5 30. g3 Qb7 31. Nd6 Rd8 32. gxf4 Qxe4 33. Qb3+ c4 34.
Nxe4 1-0

[Event "Guelph Futurity"]
[Site "Guelph CAN"]
[Date "2005.07.25"]
[Round "4"]
[White "Noritsyn, Nikolay"]
[Black "Ganguly, Surya Shekhar"]
[Result "1-0"]
[WhiteElo "2376"]
[BlackElo "2566"]
[PlyCount "167"]
[EventDate "2005.08.07"]
[EventType "schev"]
[EventRounds "10"]
[EventCountry "CAN"]

1. e4 e6 2. d4 d5 3. Nc3 Bb4 4. e5 c5 5. a3 Bxc3+ 6. bxc3 Ne7 7. Nf3 Qa5 8. Bd2
Nbc6 9. Bd3 c4 10. Be2 Bd7 11. O-O h6 12. Re1 O-O-O 13. Bf1 Kb8 14. g3 Rdg8 15.
Nh4 g5 16. Ng2 h5 17. h3 Nc8 18. Be2 h4 19. g4 Ka8 20. Bf1 Rf8 21. f4 f6 22.
exf6 gxf4 23. Nxf4 Rxf6 24. Bg2 Nd6 25. Qe2 Rhf8 26. Rf1 Nb5 27. g5 Rf5 28.
Nxe6 Bxe6 29. Qxe6 Nbxd4 30. cxd4 Qxd2 31. Rxf5 Rxf5 32. Qc8+ Nb8 33. Qxf5
Qxd4+ 34. Kh2 Qxa1 35. Qxd5 Nc6 36. g6 Qf6 37. Qf7 Qe5+ 38. Kh1 Qe1+ 39. Qf1
Qe7 40. Qxc4 Qxa3 41. Qxh4 a5 42. Qg5 Qa1+ 43. Kh2 Qg7 44. Bxc6 Qc7+ 45. Kg1
Qb6+ 46. Kf1 Qb1+ 47. Kf2 Qxc2+ 48. Kg3 Qxc6 49. g7 Qc3+ 50. Kh4 Qc4+ 51. Kh5
Qf7+ 52. Kg4 Qd7+ 53. Kf4 Qd2+ 54. Kf5 Qd3+ 55. Kf6 Qd8+ 56. Kg6 Qd6+ 57. Kf7
Qd7+ 58. Qe7 Qf5+ 59. Ke8 Qh5+ 60. Kf8 Qf5+ 61. Qf7 Qc5+ 62. Kg8 Qg5 63. Qc4
Qe5 64. Qg4 Kb8 65. Kh7 Qe7 66. h4 Qf7 67. h5 a4 68. h6 Kc7 69. Kh8 Qf6 70. h7
a3 71. Qg3+ Kb6 72. Qxa3 Qe5 73. Qf8 Ka5 74. Qd8+ b6 75. Qd7 Ka6 76. Qa4+ Kb7
77. Qd7+ Ka6 78. Qf7 Qd4 79. Qe6 Ka5 80. Qa2+ Kb4 81. Qe6 Ka5 82. Kg8 Qd8+ 83.
Kf7 Qc7+ 84. Kf6 1-0